Crianças, adolescentes, pobreza, marginalidade e violencia na américa latina e caribe : relaçoes indissociáveis? /
Guardado en:
| Autor Principal: | |
|---|---|
| Otros Autores: | , , |
| Formato: | Libro |
| Publicado: |
Río de Janeiro :
Editora 4maos/faperj,
2006
|
| Materias: | |
| Etiquetas: |
Agregar Etiqueta
Sin Etiquetas, Sea el primero en etiquetar este registro!
|
| LEADER | 03010nam a22002775a 4500 | ||
|---|---|---|---|
| 001 | CEM.cems013359 | ||
| 005 | 20100526091302.0 | ||
| 008 | 130507s2006##################000#0#####d | ||
| 003 | CEMS | ||
| 020 | |a 8560079033 | ||
| 082 | 0 | 4 | |a 309.80 |
| 100 | 1 | |a Rizzini, Irene | |
| 245 | 1 | 0 | |a Crianças, adolescentes, pobreza, marginalidade e violencia na américa latina e caribe : |b relaçoes indissociáveis? / |c Irene Rizzini ... [et Al.] |
| 260 | |a Río de Janeiro : |b Editora 4maos/faperj, |c 2006 | ||
| 300 | |a 272 p. | ||
| 505 | 0 | |a Introduçao: articulando temas de pesquisa sobre infancia e juventude na América Latina / Irene Rizzini, María Elena Zamora e Mariana Menezes Neumann (Brasil) -- Um pequeno mosaico da realidade da infancia e juventude na América Latina e no Caribe / Ricardo Fletes Corona (México) -- Infancia, juventude e diversidade na América Latina e Caribe / Irene Rizzini (Brasil) -- Quadro para análise das políticas públicas dirigidas a infancia / Francisco Pilotti (Chile) -- A vulnerabilidade de meninas e meninos e o gasto social na infancia na América Latina: como viabilizar a vigilancia social para garantir os direitos da infancia? / Enrique Vasquez (Perú) -- Migracao infantil e constricao de espaços e liberdades: um paradoxo a resolver / Norma Alicia Del Río Lugo (México) -- A violencia e a criança: intervençoes na escola e em casa / Julie Meeks Gardner (Jamaica) -- Pobreza, educaçao materna e as metas de desenvolvimiento para o milenio / María Angélica Sepúlveda, Gloria López e Yuherqui Guaimaro (Venezuela) -- Mediadores(as) em situaçoes de conflicto escolar: alternativa de inclusao social e farmaçao política / Ofelia Roldán (Colombia) -- Qualidade de vida e particpaçao política / Ofelia Roldán (Colombia) -- Qualidade de vida e participaçao pública de jovens da Zona Sul do Cone Urbano Bonaerense (a importancia do papel da universidade na pesquisa do tema) / Graciela H. Tonon de Toscano (Argentina) -- Potencial político de juventude latina: notas preliminares acerca de uma agenda de pesquisa para o século XXI / María de los Angeles Torres (EUA) -- O crescente envolvimiento de crianças e jovens no crime organizado na cidade do Río de Janeiro e além / Luke Dowdney (Brasil) -- Brasil: a grave questao da mortalidade de adolescentes e jovens negros e pobres / María Helena Zamora (Brasil) -- A naturalizaçao da violencia e as novas formas de resistencia social na América Latina / Denise Pini Rosalem da Fonseca (Brasil) -- Filicidio / Vera Malaguti Batista (Brasil) -- O conflicto armado e os direitos das crianças. Reflexoes a partir do caso da Colombia / Ernesto Durán Strauch (Colombia) | |
| 653 | |a Sociología | ||
| 653 | |a Marginalidad | ||
| 653 | |a Pobreza | ||
| 653 | |a Infancia | ||
| 653 | |a Adolescencia | ||
| 653 | |a América latina | ||
| 700 | 1 | |a Fletes Corona, Ricardo | |
| 700 | 1 | |a Zamora, María Helena | |
| 700 | 1 | |a Menezes Neumann, Mariana | |
| 859 | |a CEMS |b BIB. CEMS - 11 de abril |h 309.80 |i R467-1 |p 25889.10 |t Ej.1 | ||
